Turismo y gestión municipal

Uloženo v:
Podrobná bibliografie
Korporativní autor: Asociación Chilena de Municipalidades (Autor)
Médium: Kniha
Jazyk:španělština
Vydáno: Santiago Asociación Chilena de Municipalidades 1997
Vydání:1a. ed
Edice:Serie Manuales Didácticos, 9
Témata:
Tagy: Přidat tag
Žádné tagy, Buďte první, kdo vytvoří štítek k tomuto záznamu!

MARC

LEADER 00000cam a2200000 a 4500
001 UCD4308
003 CL-VaPUC
008 160701e19970000cl |||||||||||||||||spa|d
020 |a 9567485119 
082 0 4 |a 351.1  |b ASO  |2 21 
110 2 |a Asociación Chilena de Municipalidades  |e author  |9 587992 
245 1 0 |a Turismo y gestión municipal 
250 |a 1a. ed 
300 |a 197 p 
942 |c BK 
945 |d 20160701 20:49:00  |a arojas 
260 |a Santiago  |b Asociación Chilena de Municipalidades  |c 1997 
650 7 |a GESTION MUNICIPAL  |2 CL-VaPUC  |9 429130 
650 0 |a Turismo  |9 308920 
650 0 |a Desarrollo cultural  |9 267526 
583 |a last modification  |c 20160701 20:49:00  |k Rodrigo Vera 
490 0 |a Serie Manuales Didácticos, 9 
999 |c 365246  |d 365244 
952 |0 0  |1 0  |3 erb  |4 0  |6 351_100000000000000_ASO_1997  |7 0  |8 A  |9 479037  |a BIBING  |b BIBING  |i 529505K  |o 351.1 ASO 1997  |p 529505K  |r 2025-01-20  |w 2019-11-24  |y BK  |z Catalogado en:20160701  |k GEO